=LDR 00000nam 2200000 4500 =001 INLIS000000000003539 =005 20130612091836 =008 ***********************************Ind** =035 ##$$0010-061300000003539 =041 ##$$a Ind =082 ##$$a 610.73 =090 ##$$a 610.73, Suw k =100 ##$$a Suwardi =245 ##$$a Kecakapan perawatan, untuk sekolah perawat, Soewandi =260 ##$$a 1978 $b Jakarta =300 ##$$a ...jil., 20 cm =650 ##$$a Perawat dan perawatan =850 ##$$a NBPNMAT